Word Ladder: If You Can Dodge a Wrench... Quiz Stats

Quiz Updated Nov 1, 2014

Challenge
Share
Tweet
Embed
Score 0/27 Timer 04:00
0 Plays Today
Hint 4-Letter Word % Correct
[TITLE], you can dodge a ____BALL
91%
AutumnFALL
90.7%
Number of toes on a footFIVE
90.5%
One of the 5 Ds of DodgeballDIVE
89.5%
Without hairBALD
88%
Group of musiciansBAND
85.6%
One of the 5 Ds of DodgeballDUCK
85.5%
To stuff withFILL
83.5%
Tool for smoothingFILE
82.3%
Iron Man's first nameTONY
77.3%
Diving positionTUCK
76.3%
Horse measurementHAND
76.3%
Change courseTURN
73.5%
Barbecue utensilTONG
73.2%
Hint 4-Letter Word % Correct
River sideBANK
72.6%
J.D's best friend in ScrubsTURK
71.1%
Conservative politician in the UKTORY
67.4%
Young Patches O'Houlihan actorHANK
63.1%
Old Patches O'Houlihan actorTORN
61.7%
Justin portrayer, Justin ____LONG
57.4%
Low calorieLITE
53.4%
RowLINE
49.5%
DownfallBANE
45.1%
Cod-like fishLING
40.6%
Bird of preyKITE
38.4%
Female Average Joe's playerKATE
35.7%
Beat wings impatientlyBATE
31.5%

Today's Daily Dose

Missing Word
1971 Movies A-Z

Word Ladder
Complete Tour

Quick Pick
Logo Colors

On This Day
January 19th

You're not logged in!

Compare scores with friends on all Sporcle quizzes.
Sign Up with Email
OR
Log In

You Might Also Like...

Show Comments

Extras

Top Quizzes Today


Score Distribution

Your Account Isn't Verified!

In order to create a playlist on Sporcle, you need to verify the email address you used during registration. Go to your Sporcle Settings to finish the process.